000
00298nam a22001337a 4500
008
171129b xxu||||| |||| 00| 0 eng d
020
_a
9780201895483
041
_a
eng
080
_a
004
100
_a
26
101
_a
SHK
245
_a
A PRACTICAL GUIDE TO SOLARIS
_c
SOBELL,M.G
942
_2
udc
_c
BK
999
_c
38611
_d
38611